| 000 | 01170nam a2200265Ia 4500 | ||
|---|---|---|---|
| 003 | OSt | ||
| 005 | 20220923212127.0 | ||
| 006 | a|||||r|||| 00| 0 | ||
| 007 | ta | ||
| 008 | 220922b |||||||| |||| 00| 0 hin d | ||
| 024 | _a150,967 | ||
| 037 | _cTextual | ||
| 040 |
_aARTS _cARTS _bhin |
||
| 041 |
_2hin _ahin |
||
| 082 | _aO111wM9, 152L9 | ||
| 100 |
_aजैन, जगदीश चन्द्र _9157719 |
||
| 245 | 0 | _aविश्व-साहित्य के ज्योति-पुंजः विश्व के क्रानित-कारी साहित्य कारों की झांकिया | |
| 246 | _aVishva-sāhitya ke jyoti-puanjah vishva ke krānita-kārī sāhitya kāroan kī zāankiyā | ||
| 260 |
_aबम्बई _b हिन्दी ग्रन्थ रत्नाकर _c1979 |
||
| 300 |
_a207 पृ. _ccm. |
||
| 490 | _aहिन्दी-ग्रन्थ रत्नाकर सिरीज | ||
| 650 |
_aअंग्रेजी साहित्य _9156276 |
||
| 942 |
_hO111wM9, 152L9 _cTEXL _2CC |
||
| 999 |
_c306647 _d306647 |
||